Central Library, Doon University
WEBOPAC (ONLINE PUBLIC ACCESS CATALOGUE)

Op Amps and Linear Integrated Circuits (Record no. 60974)

MARC details
000 -LEADER
fixed length control field 00519nam a22002057a 4500
005 - DATE & TIME
control field 20260603125327.0
008 - FIXED-LENGTH DATA ELEMENTS--GENERAL INFORMATION
fixed length control field 260603b |||||||| |||| 00| 0 eng d
020 ## - ISBN
International Standard Book Number 9789353949037
Price 740.00
040 ## - CATALOGING SOURCE
Original cataloging agency Doon University
041 ## - Language
Language English
082 ## - DDC NUMBER
Classification number 621.3815
Book Number GAY
100 ## - MAIN ENTRY--PERSONAL NAME
Personal name Gayakwad, Ramakant A.
245 ## - TITLE STATEMENT
Title Op Amps and Linear Integrated Circuits
250 ## - EDITION STATEMENT
Edition statement 4th
260 ## - PUBLICATION, DISTRIBUTION, ETC. (IMPRINT)
Place of publication, distribution, etc Noida
Name of publisher, distributor, etc Pearson
Date of publication, distribution, etc 2025
300 ## - PHYSICAL DESCRIPTION
Pages 613
650 ## - Subject
Subject Physics (PM USHA
700 ## - Added Entry Personal Name
Added Entry Personal Name Rekha, S.
942 ## - ADDED ENTRY ELEMENTS (KOHA)
Koha item type Books
100 ## - MAIN ENTRY--PERSONAL NAME
-- 9795
650 ## - Subject
-- 26699
700 ## - Added Entry Personal Name
-- 26996
952 ## - LOCATION AND ITEM INFORMATION (KOHA)
-- 2026-06-03
952 ## - LOCATION AND ITEM INFORMATION (KOHA)
-- 2026-06-03
952 ## - LOCATION AND ITEM INFORMATION (KOHA)
-- 2026-06-03
Holdings
Withdrawn status Lost status Source of classification or shelving scheme Damaged status Not for loan Location (home branch) Sublocation or collection (holding branch) Date acquired Koha issues (times borrowed) Koha full call number Accession No. Koha date last seen Koha item type
          Doon University Doon University 03.06.2026   621.3815 GAY 33274 03.06.2026 Books
          Doon University Doon University 03.06.2026   621.3815 GAY 33275 03.06.2026 Books
          Doon University Doon University 03.06.2026   621.3815 GAY 33276 03.06.2026 Books
Contact : +91-135-2533126 (Library),+91-135-2533105 (Admin Office) , Email : doonlibrary@gmail.com

Powered by Koha